ياقوت الحموي : أبو الموسوعات الجغرافية : (رقم التسجيلة. 32540)

تفاصيل مارك
000 -LEADER
fixed length control field 00686nam a22002057a 4500
005 - DATE AND TIME OF LATEST TRANSACTION
control field 20251108165833.0
008 - FIXED-LENGTH DATA ELEMENTS--GENERAL INFORMATION
fixed length control field 250721s1999 xx 000 0 ara d
082 14 - DEWEY DECIMAL CLASSIFICATION NUMBER
Classification number ط/923.9/فيا
100 1# - MAIN ENTRY--PERSONAL NAME
Personal name فياض، سليمان
245 10 - TITLE STATEMENT
Title ياقوت الحموي : أبو الموسوعات الجغرافية :
Remainder of title أبو الموسوعات الجغرافية /
264 1# - PRODUCTION, PUBLICATION, DISTRIBUTION, MANUFACTURE, AND COPYRIGHT NOTICE
Place of production, publication, distribution, manufacture القاهرة :
Name of producer, publisher, distributor, manufacturer مركز الأهرام،
Date of production, publication, distribution, manufacture, or copyright notice 1999.
300 ## - PHYSICAL DESCRIPTION
Extent 51ص.
490 0# - SERIES STATEMENT
Series statement علماء العرب
Volume/sequential designation 33
650 17 - SUBJECT ADDED ENTRY--TOPICAL TERM
Topical term or geographic name as entry element التراجم
650 17 - SUBJECT ADDED ENTRY--TOPICAL TERM
Topical term or geographic name as entry element الجغرافيون
653 ## - INDEX TERM--UNCONTROLLED
Uncontrolled term ناشئون صغار (10-14 سنة)
653 ## - INDEX TERM--UNCONTROLLED
Uncontrolled term ياقوت الحموي
942 ## - ADDED ENTRY ELEMENTS (KOHA)
Source of classification or shelving scheme Dewey Decimal Classification
Koha item type كتب
المقتنيات
حالة السحب حالة الفقدان مصدر التصنيف حالة التلف غير قابل للإعارة المكتبة الرئيسية المكتبة الحالية موقع الرف تاريخ التزويد الرقم المتسلسل Total Checkouts رقم الإستدعاء الباركود تاريخ آخر ظهور تاريخ الفاتورة نوع المادة (كوها)
    Dewey Decimal Classification     المكتبة المركزية المكتبة المركزية الأطفال 06/07/2004 387301   ط/923.9/فيا 387301 28/07/2025 06/07/2004 كتب
    Dewey Decimal Classification     مكتبة قتيبة للأطفال مكتبة قتيبة للأطفال الأطفال 07/11/2017 1666518   ط/923.9/فيا PLD00409644 28/07/2025 07/11/2017 كتب
    Dewey Decimal Classification     مكتبة أم المؤمنين للأطفال مكتبة أم المؤمنين للأطفال الأطفال 28/07/2025 418477   ط/923.9/فيا 418477 28/07/2025 28/07/2025 كتب
    Dewey Decimal Classification     مكتبة الأميرة ايمان العامة مكتبة الأميرة ايمان العامة الأطفال 21/12/2013 387303   ط/923.9/فيا PLD00290867 28/07/2025 21/12/2013 كتب
    Dewey Decimal Classification     مكتبة الاميرة بديعة مكتبة الاميرة بديعة الأطفال 07/07/2015 387311.   ط/923.9/فيا PLD00336703 28/07/2025 07/07/2015 كتب
    Dewey Decimal Classification     مكتبة البراءة للأطفال مكتبة البراءة للأطفال الأطفال 17/05/2015 1598506   ط/923.9/فيا PLD00324527 28/07/2025 17/05/2015 كتب
    Dewey Decimal Classification     مكتبة البراعم الواعدة مكتبة البراعم الواعدة الأطفال 28/07/2015 1603360   ط/923.9/فيا PLD00339380 28/07/2025 28/07/2015 كتب
    Dewey Decimal Classification     مكتبة حمزة العامة مكتبة حمزة العامة الأطفال 08/05/2018 1668827   ط/923.9/فيا PLD00420461 28/07/2025 08/05/2018 كتب
    Dewey Decimal Classification     مكتبة صويلح العامة مكتبة صويلح العامة الأطفال 04/01/1980 387316   ط/923.9/فيا PLD00485770 28/07/2025 04/01/1980 كتب
Implemented & Customized by: BBB with SCIT (Smart Chains for Information Technology)

Powered by Koha